Experiencia de Mx̌ico ante la Comisin̤ Interamericana de Derechos Humanos

Bibliographic Details
Main Author: Monroy Garca̕, Mara̕ del Mar
Other Authors: Sǹchez Matus, Fabiǹ
Format: eBook
Language:Spanish
Published: Ciudad de Mx̌ico: Cm̀ara de Diputados, 2007
Subjects:
Online Access:Acceso restringido

MARC

LEADER 00000nam a22000007a 4500
005 20171211155933.0
007 cr|||| ||||
008 171211s2007 mx |||||s|||| 00||0 spa d
020 |a 978-970-701-949-2 
035 |a 20829 
040 |a vLex 
090 |c 7278  |d 7278 
100 1 |a Monroy Garca̕, Mara̕ del Mar 
245 1 0 |a Experiencia de Mx̌ico ante la Comisin̤ Interamericana de Derechos Humanos  |h [Recurso electrn̤ico] /  |c Mara̕ del Mar Monroy Garca̕; Fabiǹ Sǹchez Matus 
256 |a Servicio en ln̕ea 
260 |a Ciudad de Mx̌ico:  |b Cm̀ara de Diputados,  |c 2007 
300 |a 1 recurso en ln̕ea 
506 0 |a Disponible solo en los productos indicados  |d vLex Global  |d vLex Global (Academic Edition, excluding Law Schools)  |d vLex Global (U.S. Academic Edition, Law Schools)  |d vLex Global (U.S. Academic Edition, excluding Law Schools)  |d vLex Global (Academic Edition, Law Schools) 
650 0 4 |a Derecho Internacional  |z Mx̌ico 
700 1 |a Sǹchez Matus, Fabiǹ 
740 0 |a vLex Libros (Servicio en ln̕ea) 
856 4 0 |u http://vlex.com/source/experiencia-mexico-comision-interamericana-derechos-humanos-20829  |z Acceso restringido 
942 |c BOOK 
999 0 |a International law